Se stiamo insieme : racconti di coppie di fatto /
I tiakina i:
| Ētahi atu kaituhi: | , |
|---|---|
| Hōputu: | Pukapuka |
| Reo: | Itāriana |
| I whakaputaina: |
[Napoli ; Bologna] :
Caracò,
2013
|
| Rangatū: | Cosmi ;
7 |
| Ngā Tūtohu: |
Kāore He Tūtohu, Me noho koe te mea tuatahi ki te tūtohu i tēnei pūkete!
|
MARC
| LEADER | 00000nam a22000007i 4500 | ||
|---|---|---|---|
| 001 | IT\ICCU\PAV\0072470 | ||
| 003 | ItRI | ||
| 005 | 20260214122543.0 | ||
| 008 | 130926s2013 it |||||| ||||| |||||c | ||
| 020 | |a 9788897567387 | ||
| 040 | |b ita |c Arcigay Rimini | ||
| 041 | 7 | |a ita |2 ISO-639-2 | |
| 082 | |a 853.008 |2 14 | ||
| 245 | 0 | 0 | |a Se stiamo insieme : |b racconti di coppie di fatto / |c [di Baldoni ... et al. ; a cura di Claudio Finelli]. |
| 260 | |a [Napoli ; |a Bologna] : |b Caracò, |c 2013 | ||
| 300 | |a 140 p. ; |c 19 cm | ||
| 700 | 1 | |a Finelli, Claudio |0 IT\ICCU\CAGV\741598 | |
| 700 | 1 | |a Baldoni, Luca |0 IT\ICCU\CFIV\227621 | |
| 830 | 0 | |a Cosmi ; |v 7 |0 IT\ICCU\CAG\1875632 | |
| 942 | |2 ddc |c BK | ||
| 952 | |0 0 |1 0 |2 ddc |4 0 |6 853_008000000000000_FIN_SES |7 1 |9 2362 |a RN |b RN |d 2024-12-24 |l 0 |o 853.008 FIN SES |p 9815 |r 2024-12-24 12:45:21 |w 2024-12-24 |y BK | ||
| 952 | |0 0 |1 0 |4 0 |6 DOC_306_766000000000000_BAL |7 0 |9 21647 |a BO |b BO |d 2026-01-15 |i 17308 |l 0 |o DOC 306.766 BAL |p BO17308 |r 2026-01-15 23:22:04 |w 2026-01-15 |x [Sebina 5] [1 v.] |y BK |z 1 v. (2. copia) | ||
| 952 | |0 0 |1 0 |4 0 |6 DOC_306_766000000000000_BAL |7 0 |9 21648 |a BO |b BO |d 2026-01-15 |i 17323 |l 0 |o DOC 306.766 BAL |p BO17323 |r 2026-01-15 23:22:04 |w 2026-01-15 |x [Sebina 5] [1 v.] |y BK |z 1 v. | ||
| 999 | |c 2063 |d 2063 | ||